00805nam a22002297a 450000500170000001000110001702000220002803500110005003700160006104000120007708200110008910000250010024500510012526000350017627000280021130000200023965000620025965000610032194200200038299900190040295201540042120170124110253.0 a853799 c00.00a0571101615 a853799 bCen Lib/Ret aDPLbEN aNbJAM aJames, P. D.9105128 aAn unsuitable job for a woman /cby P. D.James aLondonbFaber and Faber c1973 bLondona3 Queen Square  a216p.c20cm(Hb) aWomen private investigators -- England -- Fiction.999965 aGray, Cordelia (Fictitious character) -- Fiction.999966 2ddccENhNmJAM c135988d135988 04104070aLbLd2015-10-12eCen Lib/Retg0.00l0oN JAMp853799r2015-10-12 00:00:00t1v0.00w2015-10-12yENzW/d List No. 6876/1 ; dtd 22/08/2020